01100 2200301 4500001002100000005001500021035002000036007000300056008004100059040002200100082001700122084001700139090001900156245011700175300003300292850001200325110007300337505006900410651002400479710007200503264006800575336002100643337003000664338002300694041001300717546004800730990002000778INLIS00000000086492320210922025735 a0010-0921000673ta210922s1962 jki g s f 0 0 ind d aYOPDYOGbinderda04223a929.3598 a929.3598 SEN aL 929.3598 SEN00aSensus penduduk 1961 = population census 1961 Republik Indonesia /cBiro Pusat Statistik Kabinet Menteri Pertama a15 halaman :btabel ;c24 cm aYOPDYOG2 aKabinet Menteri PertamabBiro Pusat StatistikeBadan Penanggungjawab aBuku berisi statistik penduduk Indonesia hasil sensus tahun 1961 4aIndonesia--xSensus aBiro Pusat Statistik Kabinet Menteri PertamaeBadan Penanggungjawab31aDjakarta :bBiro Pusat Statistik Kabinet Menteri Pertama,c1962 2rdacontentateks 2rdamediaatanpa perantara 2rdacarrieravolume1 aindgeng aTeks berbahasa Indonesia dan bahasa Inggris a68336-PD/A.2021